SÜPER GAZETECİLER I (Record no. 687445)

MARC details
000 -LEADER
sabit uzunluktaki kontrol alanı 00241nam a2200097Ia 4500
001 - KONTROL NUMARASI
kontrol alanı 687445
005 - EN SON İŞLEMİN TARİH VE ZAMANI
kontrol alanı 20250826161556.0
008 - SABİT-UZUNLUKTA VERİ ÖĞELERİ--GENEL BİLGİ
sabit uzunluktaki kontrol alanı 250824s9999 xx 000 0 und d
245 #0 - ESER / YAZAR
ESER ADI SÜPER GAZETECİLER I
Yazar Adı AYTÜL AKAL
260 ## - YAYIN, DAĞITIM, VB.
YAYIN EVİ TUDEM YAYINLARI
Holdings
Düşüm durumu Kayıp durumu Hasar Durumu Ödünç verilmez Ana kütüphane Geçerli Kütüphane Edinilen tarih Toplam ödünç verme sayısı Barkod İade tarihi Son görüntüleme tarihi Son ödünç verme tarihi Fiyatın geçerli olmaya başladığı tarih Koha materyal türü
        KEMAL AKPINAR İMAM HATİP ORTAOKULU KEMAL AKPINAR İMAM HATİP ORTAOKULU 24.08.2025 1 1028526 07.05.2026 22.04.2026 22.04.2026 26.08.2025 Books